Design of structural masonry / (Record no. 541465)

000 -LEADER
fixed length control field 00537cam a22001694a 4500
020 ## - INTERNATIONAL STANDARD BOOK NUMBER
International Standard Book Number 09780-0333792378 (pbk.)
082 00 - DEWEY DECIMAL CLASSIFICATION NUMBER
Classification number 624.1771
Author Mark MCK
-- N-02 , P-68
100 1# - MAIN ENTRY--PERSONAL NAME
Personal name McKenzie, W. M. C.
9 (RLIN) 36373
245 10 - TITLE STATEMENT
Title Design of structural masonry /
Statement of responsibility, etc. W.M.C. McKenzie.
260 ## - PUBLICATION, DISTRIBUTION, ETC.
Place of publication, distribution, etc. Basingstoke, Hampshire ;
-- New York, N.Y. :
Name of publisher, distributor, etc. Palgrave,
Date of publication, distribution, etc. 2001.
300 ## - PHYSICAL DESCRIPTION
Extent vii, 267 p. :
Other physical details ill. ;
Dimensions 25 cm.
526 ## - STUDY PROGRAM INFORMATION NOTE
Program name 0
Interest level 0
Reading level 0
Title point value 624_177100000000000_MCK
650 #0 - SUBJECT ADDED ENTRY--TOPICAL TERM
Topical term or geographic name entry element Masonry.
9 (RLIN) 36353
650 #0 - SUBJECT ADDED ENTRY--TOPICAL TERM
Topical term or geographic name entry element NUST
9 (RLIN) 6342
650 #0 - SUBJECT ADDED ENTRY--TOPICAL TERM
Topical term or geographic name entry element Structural design.
942 ## - ADDED ENTRY ELEMENTS (KOHA)
Source of classification or shelving scheme
Koha item type Book
Holdings
Withdrawn status Lost status Source of classification or shelving scheme Damaged status Not for loan Permanent Location Current Location Shelving location Date acquired Total Checkouts Full call number Barcode Date last seen Price effective from Koha item type
          Military College of Engineering (MCE) Military College of Engineering (MCE) Reference 07/29/2013   624.1771 MCK MCE-47933 07/29/2013 07/29/2013 Book
© 2023 Central Library, National University of Sciences and Technology. All Rights Reserved.